[Event "Ustron op-B"]
[Site "Ustron"]
[Date "2021.08.14"]
[Round "2"]
[White "Grochol, Kamil"]
[Black "Olchowy, Tadeusz"]
[Result "1-0"]
[WhiteElo "1975"]
[BlackElo "2021"]
[PlyCount "37"]
[EventDate "2021.08.13"]
[EventType "swiss"]
[EventRounds "9"]
[EventCountry "POL"]
[SourceTitle "CBM 204 Extra"]
[Source "ChessBase"]
[SourceDate "2021.11.30"]
[SourceVersion "1"]
[SourceVersionDate "2021.11.30"]
[SourceQuality "1"]

1. d4 Nf6 2. Bf4 d6 3. Nc3 Nbd7 4. Nf3 a6 5. e4 c5 6. dxc5 Nxc5 7. e5 Ne6 8. exf6 Nxf4 9. g3 Ne6 10. fxe7 Bxe7 11. Nd5 0-0 12. Bg2 Re8 13. Nxe7+ Rxe7 14. 0-0 a5 15. Re1 a4 16. Nd4 Ra5 17. Qd2 Kf8 18. Rad1 Nc5 19. Rxe7 1-0

[Event "Ustron op-B"]
[Site "Ustron"]
[Date "2021.08.13"]
[Round "1"]
[White "Olchowy, Tadeusz"]
[Black "Skurniak, Szymon"]
[Result "0-1"]
[WhiteElo "2021"]
[BlackElo "2177"]
[PlyCount "104"]
[EventDate "2021.08.13"]
[EventType "swiss"]
[EventRounds "9"]
[EventCountry "POL"]
[SourceTitle "CBM 204 Extra"]
[Source "ChessBase"]
[SourceDate "2021.11.30"]
[SourceVersion "1"]
[SourceVersionDate "2021.11.30"]
[SourceQuality "1"]

1. c4 e5 2. Nc3 Nc6 3. e3 f5 4. Qc2 d6 5. a3 Be6 6. Nf3 Nf6 7. d4 e4 8. d5 exf3 9. dxc6 bxc6 10. gxf3 Nd7 11. Be2 Qh4 12. Qa4 Nb8 13. e4 Be7 14. exf5 Bxf5 15. Qa5 0-0 16. Qxc7 Na6 17. Qxc6 Nc5 18. Be3 Rac8 19. Qd5+ Kh8 20. f4 Bf6 21. Qg2 Bxc3+ 22. bxc3 Be4 23. Bf3 Nd3+ 24. Kd2 Nxf4 25. Qg4 Qxg4 26. Bxg4 Rxc4 27. Rhg1 h5 28. Bd1 Nh3 29. Rg3 Nxf2 30. Bb3 Rcc8 31. Bxf2 Rxf2+ 32. Ke3 Rb2 33. Kxe4 Rxb3 34. Kd4 Rb2 35. h3 Rd2+ 36. Rd3 Rxd3+ 37. Kxd3 Rf8 38. Ke4 Rf2 39. Kd5 Rf3 40. c4 Rd3+ 41. Kc6 Kh7 42. a4 g5 43. a5 Rxh3 44. Kxd6 Rd3+ 45. Ke6 Rc3 46. Kf5 Kh6 47. Rd1 Rf3+ 48. Ke5 g4 49. Rd7 g3 50. Rd1 h4 51. Ke4 Rc3 52. Kd4 Rc2 0-1

[Event "POL-chT3"]
[Site "Poland"]
[Date "2002.??.??"]
[Round "?"]
[White "Bitman, Marek"]
[Black "Olchowy, Tadeusz"]
[Result "1/2-1/2"]
[WhiteElo "2094"]
[BlackElo "2097"]
[PlyCount "29"]
[EventDate "2002.??.??"]
[EventType "team"]
[EventRounds "9"]
[EventCountry "POL"]
[SourceTitle "EXT 2006"]
[Source "ChessBase"]
[SourceDate "2005.11.24"]
[SourceVersion "1"]
[SourceVersionDate "2005.11.24"]
[SourceQuality "1"]

1. e4 c5 2. Nf3 Nc6 3. d4 cxd4 4. Nxd4 g6 5. Nxc6 bxc6 6. Qd4 Nf6 7. e5 Nd5 8. e6 f6 9. exd7+ Bxd7 10. Bc4 Qb6 11. Qxb6 axb6 12. Bd2 Bf5 13. Bb3 e5 14. Nc3 0-0-0 15. Nxd5 1/2-1/2